000 00558nam a2200169 i 4500
001 37813
003 ES-MaACL
007 t|
008 030221s1881 sp ||||1| spa d
100 1 _aCadier, Albert.
_933395
245 1 0 _aManual de la laringoscopia y laringología /
_cpor Albert Cadier ; traducido por Baldomero González Alvarez.
260 _aMadrid :
_b[s.n.,
_c1881] (
_fM. Romero)
300 _a253 p., VI lám. ;
_c18 cm.
700 _aGonzález Alvarez, Baldomero,
_d1850-1927
_9222244
852 _aES-MaACL
_jG-13271
999 _c37813
_d37813